01033 2200325 4500001002100000005001500021035002000036007000300056008004100059020002200100082001400122084001600136100002300152245014200175250003500317300002800352650002500380700003300405700003200438264002900470336002100499337003000520338002300550040002200573090002200595850001200617504003400629999002200663990002200685INLIS00000000088629420240507101433 a0010-0524000125ta240507s2018 yoi g | ind d a978-602-50675-8-704223a305.3 a305.3 ASN g0 aAsnawanePengarang10aGender and peace building :bstudi agensi perempuan dalam membangun perdamaian /cAsnawan, Mar'atus Sholihah; penyunting, Umi Khusnuliyah aCetakan pertama, Februari 2018 ax, 140 halaman ;c19 cm 4aGender, Diskriminasi0 aMar'atus SholihahePengarang aUmi Khusnuliyahepenyunting31aBantul :bBildung,c2018 2rdacontentateks 2rdamediaatanpa perantara 2rdacarrieravolume aYOPDYOGbinderda aCB-D.11 2018-3983 aYOPDYOG aBibliografi : halaman 127-134 aCB-D.11/2018-3983 aCB-D.11/2018-3983